| 000 | 00686nam a22002057a 4500 | ||
|---|---|---|---|
| 003 | OSt | ||
| 005 | 20251105090018.0 | ||
| 008 | 251105b |||||||| |||| 00| 0 eng d | ||
| 020 | _a978-974-652-065-2. | ||
| 040 |
_aDWCL Main lib _cOC |
||
| 082 |
_22nd ed. _aCirc. 616.075 D579n 2007 |
||
| 100 | _aDillon, Patricia M. | ||
| 245 |
_aNursing health assessment : _bclinical pocket guide/ _cPatricia M. Dillon |
||
| 250 | _a2nd ed. | ||
| 260 |
_aPhiladelphia : _bF. A. Davis Company, _c c2007. |
||
| 300 |
_axii, 587 pages. : _b col. ill. _c; 21 cm. |
||
| 504 | _aIncludes index. | ||
| 650 | _aNursing assessment-Handbooks, manuals, etc. | ||
| 942 |
_2ddc _cBK-CIRC _e2nd ed. _hCirc. _n0 |
||
| 999 |
_c5504 _d5504 |
||